000
00261nam a2200109Ia 4500
008
190216s9999||||xx |||||||||||||| ||und||
100
_a
Uspensky.J.V
245
0
_a
Theory Of Equations
260
_b
Tata Mcgrawhill Publishers
_c
1948
300
_a
353
942
_c
BK
999
_c
30532
_d
30532